000 00344nam a2200145Ia 4500
008 240624s9999 xx 000 0 und d
041 _aeng
082 _a658.8 BAK
100 _aBAKER MICHAEL J
245 _aMARKETING BOOK
250 _a(7th ed.)
260 _c2016
_aLondon
_bRoutledge
300 _axxi, 655 p.; 23 cm.
365 _cBPS
_b31
999 _c30317
_d30317